Logo BPK

Biblioteka

Politechniki Koszalińskiej

Ordynacja podatkowa : (Rekord nr 33248)

Szczegóły MARC
000 -ETYKIETA REKORDU
podpole kontrolne o stałej długości 00756nam a2200229 i 4500
001 - NUMER KONTROLNY REKORDU
pole kontrolne bg
020 ## - MIĘDZYNARODOWY ZNORMALIZOWANY NUMER KSIĄŻKI - ISBN
ISBN 838726153X
040 ## - ŹRÓDŁO KATALOGOWANIA
Instytucja, która utworzyła rekord BPK
041 0# - KOD JĘZYKA
Kod języka tekstu pl
080 ## - UNIWERSALNA KLASYFIKACJA DZIESIĘTNA - UKD
UKD 336.221.24(438)
920 ## - Międzynarodowy znormalizowany numer książki – ISBN
ISBN 83-87261-53-X
008 - POLE O STAŁEJ DŁUGOŚCI - DANE KONTROLNE
podpole kontrolne o stałej długości s pl f |000 0 pol
100 1# - NAZWA OSOBOWA
Nazwa osobowa SZCZEPAŃSKI, Kazimierz
245 10 - TYTUŁ/ODPOWIEDZIALNOŚĆ
Tytuł Ordynacja podatkowa :
Ciąg dalszy tytułu zobowiązania podatkowe z komentarzem : powstanie, wygaśnięcie, terminy, przedawnienie, odpowiedzialność /
Pozostałe elementy strefy tytułu i oznaczenia odpowiedzialności Kazimierz Szczepański.
250 ## - STREFA WYDANIA
Oznaczenie wydania Stan prawny na dzień 15 marca 1998 r.
260 ## - STREFA ADRESU WYDAWNICZEGO
Miejsce wydania Warszawa :
Nazwa wydawcy/dystrybutora Wydaw. Prawno-Ekonomiczne INFOR,
Data publikacji, dystrybucji/powstania dokumentu 1998.
300 ## - STREFA OPISU FIZYCZNEGO
Objętość 247, [1] s. ;
Rozmiary 24 cm.
490 1# - STREFA SERII I DOKUMENTU WIELOCZĘŚCIOWEGO - FORMA NIE DO WYSZUKIWANIA
Tytuł i oznaczenie odpowiedzialności serii Komentarze
650 #9 - HASŁO PRZEDMIOTOWE W FORMIE NAZWY OGÓLNEJ LUB JEDNOSTKOWEJ
Nazwa ogólna lub geograficzna Podatek
Określnik ogólny prawo
Określnik geograficzny Polska
Określnik chronologiczny stan na 1998 r.
830 ## - HASŁO DODATKOWE SERII LUB DOKUMENTU WIELOCZĘŚCIOWEGO - TYTUŁ UJEDNOLICONY
Tytuł ujednolicony Komentarze
856 ## - LOKALIZACJA I DOSTĘP DO ELEKTRONICZNYCH DOKUMENTÓW ZDALNYCH
Link (URL) http://koha.tu.koszalin.pl/cgi-bin/koha/opac-detail.pl?biblionumber=33248
Tekst linku Katalog online BPK
942 ## - DODATKOWE ELEMENTY (KOHA)
Typ dokumentu Książka
Egzemplarze
Wycofany Status egzemplarza Uszkodzony Dostępność Lokalizacja stała Lokalizacja bieżąca Miejsce przechowywania Sygnatura Kod kreskowy Ostatnio wypożyczono Typ dokumentu Dział
      Dostępny Biblioteka Politechniki Koszalińskiej Biblioteka Politechniki Koszalińskiej Wypożyczalnia BG 43186 01339666 14.10.2020 Książka  
      Tylko na miejscu Biblioteka Politechniki Koszalińskiej Biblioteka Politechniki Koszalińskiej Czytelnia Wydziałowa ul. Kwiatkowskiego 6e 43187 01339659   Książka 336.22 Podatki. Opłaty
© 2023 Biblioteka Politechniki Koszalińskiej :: KOHA